Contemporary entrepreneurship

Guardat en:
Dades bibliogràfiques
Altres autors: Jerry W.Moorman
Idioma:Undetermined
Publicat: South-Western Educational Publishing 1996
Etiquetes: Afegir etiqueta
Sense etiquetes, Sigues el primer a etiquetar aquest registre!
Thư viện lưu trữ: Trung tâm Học liệu Trường Đại học Trà Vinh
LEADER 00498nam a2200193Ia 4500
001 TVU_7232
008 210423s9999 xx 000 0 und d
020 |a 0-538-71261-9 
041 |a Eng 
082 |a 658.827 
082 |b M819 
245 0 |a Contemporary entrepreneurship 
245 0 |c Jerry W.Moorman 
260 |b South-Western Educational Publishing 
260 |c 1996 
300 |a 497Tr 
300 |c 20x24cm 
700 |a Jerry W.Moorman 
980 |a Trung tâm Học liệu Trường Đại học Trà Vinh